Atlas infantil (Record no. 43563)

MARC details
000 -Etiqueta do registo
Valores 00339nam a2200157 4500
100 ## - Dados gerais de processamento
Dados gerais 20240917 pory50
101 ## - Língua de publicação
Língua por
102 ## - País de publicação
País PT
200 ## - Titulo e menção de responsabilidade
Título próprio Atlas infantil
Informação de outro título com bandeiras
210 ## - Publicação
Local de publicação Rio de Mouro
Nome do editor Girassol
Data de publicação [S.d.]
215 ## - Descrição física 
Paginação / Volumes 48 p.
675 ## - CDU
Notação 912
801 ## - Fonte de origem
País PT
Regras de catalogação RPC
990 ## - Elementos KOHA
Tipo de documento Livro
Holdings
Aquisição Empréstimo Código de barras Cota Permissão de empréstimo Tipo de documento
Biblioteca do Centro Escolar de Redondo Biblioteca do Centro Escolar de Redondo 80307 912 AA.VV. ATL.   Livro

Powered by Koha